书目信息 |
| 题名: |
服务创新
|
|
| 作者: | 蔺雷 , 吴贵生 编著 | |
| 分册: | ||
| 出版信息: | 北京 清华大学出版社 2003.11 |
|
| 页数: | 286页 | |
| 开本: | 23cm | |
| 丛书名: | ||
| 单 册: | ||
| 中图分类: | F719 | |
| 科图分类: | ||
| 主题词: | 商业经济--国内 | |
| 电子资源: | ||
| ISBN: | 7-302-07356-2 | |
| 000 | 00579nam0 2200205 45 | |
| 001 | 0460859467 | |
| 005 | 2004042516541838 | |
| 010 | @a7-302-07356-2@dCNY 39.00 | |
| 100 | @a20040425d2003 km y0chiy0120 ea | |
| 101 | 0 | @achi |
| 102 | @aCN@b110000 | |
| 200 | 1 | @a服务创新@AFu Wu Chuang Xin@f蔺雷,吴贵生编著@FLin Lei,Wu Gui Sheng Bian Zhu |
| 210 | @a北京@c清华大学出版社@d2003.11 | |
| 215 | @a286页@d23cm | |
| 606 | 0 | @a商业经济@x国内 |
| 690 | @aF719@v3 | |
| 701 | 0 | @a蔺雷@ALin Lei@4编著 |
| 701 | 0 | @a吴贵生@AWu Gui Sheng@4编著 |
| 801 | 0 | @aCN@bPFT@c20040425 |
| 905 | @dF719@eL555 | |
| 服务创新/蔺雷,吴贵生编著.-北京:清华大学出版社,2003.11 |
| 286页;23cm |
| ISBN 7-302-07356-2:CNY 39.00 |
| ● |
| 相关链接 |
|
|
|
正题名:服务创新
索取号:F719/L555
 
预约/预借
| 序号 | 登录号 | 条形码 | 馆藏地/架位号 | 状态 | 备注 |
| 1 | 380902 | 203809021 | 社科库409/409社科库 46排2列4层/ [索取号:F719/L555] | 在馆 | |
| 2 | 380903 | 203809030 | 社科库409/409社科库 46排2列4层/ [索取号:F719/L555] | 在馆 |